[Event "Torun op"]
[Site "Torun"]
[Date "2002.??.??"]
[Round "9"]
[White "Domzalski, Dominik"]
[Black "Mallek, Piotr"]
[Result "1-0"]
[WhiteElo "1800"]
[BlackElo "1800"]
[PlyCount "35"]
[EventDate "2002.??.??"]
[EventType "swiss"]
[EventRounds "9"]
[EventCountry "POL"]
[SourceTitle "EXT 2007"]
[Source "ChessBase"]
[SourceDate "2006.11.23"]
[SourceVersion "1"]
[SourceVersionDate "2006.11.23"]
[SourceQuality "1"]

1. e4 c5 2. Nc3 Nc6 3. Bc4 Nf6 4. f4 e5 5. f5 g6 6. g4 d6 7. d3 Nd7 8. Nf3 Nb6 9. Bd5 Nd4 10. 0-0 gxf5 11. gxf5 Rg8+ 12. Kh1 Nxf3 13. Qxf3 Qh4 14. Bd2 Nxd5 15. Nxd5 Kd7 16. Rg1 Rxg1+ 17. Rxg1 Bh6 18. Rg4 1-0